=LDR 00000nam 2200000 4500 =001 INLIS000000000011898 =005 20130612103439 =008 ***********************************Ind** =035 ##$$0010-061300000011898 =041 ##$$a Ind =082 ##$$a 382.4 =090 ##$$a 382.4, Naz k =100 ##$$a Nazaruddin =245 ##$$a Komoditi Eksport pertanian, tanaman Perkebunan,rempah,dan obat, Nazaruddin =260 ##$$a 1993 $b Jakarta =300 ##$$a viii, 132 hlm, 21 cm =650 ##$$a Komoditi Ekspor =850 ##$$a NBPNMAT